UM Logo

Digital twin technology : (Record no. 19325)

MARC details
000 -LEADER
fixed length control field 00533nam a22001457a 4500
008 - FIXED-LENGTH DATA ELEMENTS--GENERAL INFORMATION
fixed length control field 240223b ||||| |||| 00| 0 eng d
020 ## - INTERNATIONAL STANDARD BOOK NUMBER
International Standard Book Number 9781119842200
082 ## - DEWEY DECIMAL CLASSIFICATION NUMBER
Classification number DC 003.3
Item number D569 2023
245 ## - TITLE STATEMENT
Title Digital twin technology :
Remainder of title fundamentals and applications /
Statement of responsibility, etc. edited by Manisha Vohra
260 ## - PUBLICATION, DISTRIBUTION, ETC. (IMPRINT)
Place of publication, distribution, etc. Hoboken, NJ :
Name of publisher, distributor, etc. Scrivener Publishing LLC,
Date of publication, distribution, etc. ©2023.
300 ## - PHYSICAL DESCRIPTION
Extent xviii, 252 pages :
Other physical details illustrations ;
Dimensions 23 cm.
500 ## - GENERAL NOTE
General note Includes references and index.
650 ## - SUBJECT ADDED ENTRY--TOPICAL TERM
Topical term or geographic name as entry element Digital twins (Computer simulation).
9 (RLIN) 53192
942 ## - ADDED ENTRY ELEMENTS (KOHA)
Source of classification or shelving scheme Dewey Decimal Classification
Koha item type Circulation
Holdings
Withdrawn status Lost status Source of classification or shelving scheme Damaged status Not for loan Collection code Home library Current library Date acquired Source of acquisition Cost, normal purchase price Total Checkouts Full call number Barcode Date last seen Price effective from Koha item type
    Dewey Decimal Classification     Circulation UM Digos College - LIC UM Digos College - LIC 07/19/2023 Purchased 18228.00   DC 003.3 D569 2023 27850 05/15/2025 02/23/2024 Circulation